000 00463nam a22001457a 4500
001 T027600003919
008 181111b xve|||||r|||| 00| | esp d
099 _aIVP-D-00576
_b
100 _aMinisterio de Planificación y Desarrollo.
245 _aTaller vinculación Plan Operativo Anual Nacional-Presupuesto para el ejercicio fiscal 2001.
260 _a
500 _aFotocopiado
650 _aPlanes de Desarrollo--Presupuestos 2001--Venezuela.
942 _cLIB
999 _c5060
_d5060